[Event "Welsh Winter op"]
[Site "Penarth"]
[Date "2015.01.30"]
[Round "1"]
[White "Ralphs, Nigel"]
[Black "Baruah, Bedanta"]
[Result "1-0"]
[WhiteElo "1917"]
[BlackElo "1535"]
[PlyCount "33"]
[EventDate "2015.01.30"]
[EventType "swiss"]
[EventRounds "5"]
[EventCountry "WLS"]
[SourceTitle "EXT 2018"]
[Source "ChessBase"]
[SourceDate "2017.10.13"]
[SourceVersion "1"]
[SourceVersionDate "2017.10.13"]
[SourceQuality "1"]

1. e4 e5 2. Nf3 Nc6 3. d4 exd4 4. Nxd4 g6 5. Nc3 Bg7 6. Be3 Nf6 7. Bc4 Nxe4 8. Nxe4 d5 9. Bb5 dxe4 10. Nxc6 bxc6 11. Bxc6+ Bd7 12. Bxa8 Qxa8 13. Bd4 f6 14. Bc3 Bb5 15. Qd4 Kf7 16. 0-0-0 Bc6 17. Qc4+ 1-0